Language which uses the most of this letter - Statistics

General Stats
  • This quiz has been taken 11 times
  • The average score is 11 of 65
Answer Stats
Hint Frequency Answer % Correct
œ 0.018% French
67%
ß 0.307% German
56%
ñ 0.311% Spanish
56%
å 1.34% Swedish
56%
ø 0.939% Danish
44%
è 0.271% French
44%
é 1.504% French
44%
ł 1.746% Polish
44%
č 0.462% Czech
33%
š 0.688% Czech
33%
ž 0.721% Czech
33%
ë 0.008% French
33%
î 0.045% French
33%
à 0.635% Italian
33%
ą 1.021% Polish
33%
ę 1.131% Polish
33%
ź 0.061% Polish
33%
ã 0.733% Portuguese
33%
ğ 1.125% Turkish
33%
ş 1.78% Turkish
33%
ě 1.222% Czech
22%
ň 0.007% Czech
22%
ř 0.38% Czech
22%
æ 0.872% Danish
22%
ð 4.393% Icelandic
22%
ć 0.448% Polish
22%
ś 0.683% Polish
22%
ż 0.885% Polish
22%
â 0.562% Portuguese
22%
ç 1.156% Turkish
22%
ů 0.204% Czech
11%
ý 0.995% Czech
11%
þ 1.455% Icelandic
11%
ń 0.185% Polish
11%
ê 0.45% Portuguese
11%
ô 0.635% Portuguese
11%
õ 0.04% Portuguese
11%
ö 1.31% Swedish
11%
ı 5.114% Turkish
11%
ď 0.015% Czech
0%
í 1.643% Czech
0%
ť 0.006% Czech
0%
ä 3.577% Finnish
0%
û 0.06% French
0%
á 3.44% Hungarian
0%
ő 0.823% Hungarian
0%
ű 0.117% Hungarian
0%
ó 0.994% Icelandic
0%
ú 0.613% Icelandic
0%
ì 0.03% Italian
0%
ò 0.002% Italian
0%
ù 0.166% Italian
0%
ü 1.854% Turkish
0%
ch 0.949% Welsh
0%
dd 2.927% Welsh
0%
ff 0.382% Welsh
0%
ng 0.366% Welsh
0%
ï 0.008% Welsh
0%
ll 1.031% Welsh
0%
ph 0.066% Welsh
0%
rh 0.398% Welsh
0%
th 1.294% Welsh
0%
ŵ 0.033% Welsh
0%
0.001% Welsh
0%
ÿ 0.001% Welsh
0%
No matching quizzes found
Score Distribution
Percent of People with Each Score
Percentile by Number Answered
Your Score History
You have not taken this quiz